Flagi państw Ameryki Północnej - nagła śmierć - Statystyki

Ogólne statystyki
  • Ten quiz został rozwiązany 107 razy
  • Średni wynik to 16 z 22
Answers on the Grid
Answers color-coded by a green-red scale on the quiz's grid according to % correct below.
 
Statystyki odpowiedzi
Odpowiedź % Poprawnych
Kuba
87%
Jamajka
87%
Nikaragua
85%
Meksyk
85%
Panama
82%
Stany Zjednoczone
79%
Kanada
79%
Salwador
77%
Belize
74%
Haiti
74%
Dominika
74%
Saint Vincent i
Grenadyny
74%
Saint Lucia
74%
Dominikana
74%
Barbados
74%
Gwatemala
72%
Bahamy
69%
Kostaryka
69%
Honduras
69%
Antigua i Barbuda
69%
Saint Kitts i
Nevis
54%
Grenada
51%
Nie znaleziono quizów pasujących do podanych kryteriów
Rozkład punktacji
Procent ludzi z każdym wynikiem
Percentyl według liczby udzielonych odpowiedzi
Twoja historia wyników
Nie rozwiązałeś tego quizu